Taylor Swift - Superman Lyrics - Statistics

General Stats
  • This quiz has been taken 179 times
  • The average score is 294 of 377
Answer Stats
Answer % Correct
superman
100%
a
99%
I
98%
the
96%
to
96%
and
94%
And
94%
away
92%
fly
92%
watch
92%
you
92%
you?"
92%
be
90%
go
90%
Go
90%
I'll
90%
i'll
90%
He
89%
he
89%
save
89%
day
86%
me
86%
some
85%
world
85%
got
82%
hear
82%
today
82%
with
81%
busy
80%
on
80%
in
79%
Come
77%
come
77%
work
77%
back
76%
dark
76%
love
76%
someday
76%
around
75%
It's
75%
right
75%
Right
75%
don't
74%
Don't
74%
here
74%
Tall
74%
You've
74%
how
73%
"How
73%
if
73%
or
73%
that
73%
where
73%
forget
71%
from
71%
He's
71%
hes
71%
his
71%
say
71%
when
71%
When
71%
are
70%
down
70%
him
70%
thing
70%
eyes
69%
ever
68%
tell
68%
were
68%
about
67%
i've
67%
But
65%
but
65%
knows
65%
was
65%
always
64%
first
64%
forever
64%
Forever
64%
ground
64%
"Just
64%
much
64%
same
64%
'Cause
63%
girl
63%
hope
63%
I'm
63%
loved
63%
miss
63%
mothers
63%
save
63%
very
63%
other
62%
briefcase
61%
fathers
61%
papers
61%
put
61%
wishing
61%
Wishing
61%
fine"
60%
wonder
60%
ambition
58%
like
58%
never
58%
not
58%
word
58%
can't
57%
drives
57%
flowers
57%
take
57%
all
56%
they
56%
beautiful
55%
let
55%
reputation
55%
card
54%
smile
54%
far
52%
Yeah
51%
brown
50%
complicated
50%
has
50%
irrational
50%
okay
50%
one
50%
bad
49%
deep
49%
La
49%
la
49%
looking
49%
out
49%
single
49%
Something
49%
window
48%
lovestruck
46%
places
45%
said
45%
call
44%
leave
39%
swear
37%
hand
17%
singing
17%
No matching quizzes found
Score Distribution
Percent of People with Each Score
Percentile by Number Answered
Your Score History
You have not taken this quiz